000 00610nam a2200217Ia 4500
008 191130s2009##################000#0#eng##
020 _a9781427799531
022 _a2008035882
040 _aACL
_cACL
082 _a184 PLA
100 _aPlato
245 _aThe Socratic dialogues
_cPlato ; foreword by Morris Kaplan ; translation by Benjamin Jowett
260 _aNew York
_bKaplan Pub
_cc2009
300 _axiii, 205 p. ; 21 cm
650 _aPhilosophy
700 _aJowett, Benjamin
700 _aKaplan, Morris
990 _a35c35b70ac10000c5729f537153c12c0
991 _a288420
999 _c70622
_d70622